Random Countries on the World Map - Statistics

General Stats
  • This quiz has been taken 133 times
  • The average score is 38 of 50
Answers on the Map
Answers color-coded by a green-red scale on the quiz's map according to % correct below.
 
Answer Stats
Country % Correct
Afghanistan
100%
Albania
100%
Andorra
100%
Angola
100%
Antigua and Barbuda
100%
Argentina
100%
Bahamas
100%
Bangladesh
100%
Barbados
100%
Belgium
100%
Belize
100%
Bhutan
100%
Bolivia
100%
Bosnia and Herzegovina
100%
Brazil
100%
Bulgaria
100%
Cambodia
100%
Canada
100%
Cape Verde
100%
Chile
100%
Croatia
100%
Czech Republic
100%
Dominican Republic
100%
Egypt
100%
El Salvador
100%
Eritrea
100%
Fiji
100%
Guinea-Bissau
100%
Haiti
100%
Honduras
100%
Hungary
100%
Iceland
100%
Indonesia
100%
Ireland
100%
Italy
100%
Ivory Coast
100%
Japan
100%
Laos
100%
Liberia
100%
Libya
100%
Liechtenstein
100%
Lithuania
100%
Malawi
100%
Mali
100%
Malta
100%
Marshall Islands
100%
Moldova
100%
Monaco
100%
Mongolia
100%
Montenegro
100%
Morocco
100%
Netherlands
100%
Nigeria
100%
North Korea
100%
Oman
100%
Palau
100%
Peru
100%
Philippines
100%
Poland
100%
Portugal
100%
Russia
100%
Saint Lucia
100%
San Marino
100%
São Tomé and Príncipe
100%
Senegal
100%
Singapore
100%
Solomon Islands
100%
South Korea
100%
South Sudan
100%
Suriname
100%
Sweden
100%
Switzerland
100%
Taiwan
100%
Turkmenistan
100%
Tuvalu
100%
Ukraine
100%
United Kingdom
100%
United States
100%
Uzbekistan
100%
Vanuatu
100%
Vatican City
100%
Venezuela
100%
Yemen
100%
Zimbabwe
100%
Cuba
67%
Benin
50%
Gambia
50%
Nicaragua
50%
Samoa
50%
Tajikistan
50%
Zambia
50%
Algeria
0%
Armenia
0%
Australia
0%
Austria
0%
Azerbaijan
0%
Bahrain
0%
Belarus
0%
Botswana
0%
Brunei
0%
Burkina Faso
0%
Burundi
0%
Cameroon
0%
Central African Republic
0%
Chad
0%
China
0%
Colombia
0%
Comoros
0%
Costa Rica
0%
Cyprus
0%
Democratic Republic of the Congo
0%
Denmark
0%
Djibouti
0%
Dominica
0%
East Timor
0%
Ecuador
0%
Equatorial Guinea
0%
Estonia
0%
Eswatini
0%
Ethiopia
0%
Federated States of Micronesia
0%
Finland
0%
France
0%
Gabon
0%
Georgia
0%
Germany
0%
Ghana
0%
Greece
0%
Grenada
0%
Guatemala
0%
Guinea
0%
Guyana
0%
India
0%
Iran
0%
Iraq
0%
Israel
0%
Jamaica
0%
Jordan
0%
Kazakhstan
0%
Kenya
0%
Kiribati
0%
Kosovo
0%
Kuwait
0%
Kyrgyzstan
0%
Latvia
0%
Lebanon
0%
Lesotho
0%
Luxembourg
0%
Madagascar
0%
Malaysia
0%
Maldives
0%
Mauritania
0%
Mauritius
0%
Mexico
0%
Mozambique
0%
Myanmar
0%
Namibia
0%
Nauru
0%
Nepal
0%
New Zealand
0%
Niger
0%
North Macedonia
0%
Norway
0%
Pakistan
0%
Panama
0%
Papua New Guinea
0%
Paraguay
0%
Qatar
0%
Republic of the Congo
0%
Romania
0%
Rwanda
0%
Saint Kitts and Nevis
0%
Saint Vincent and the Grenadines
0%
Saudi Arabia
0%
Serbia
0%
Seychelles
0%
Sierra Leone
0%
Slovakia
0%
Slovenia
0%
Somalia
0%
South Africa
0%
Spain
0%
Sri Lanka
0%
Sudan
0%
Syria
0%
Tanzania
0%
Thailand
0%
Togo
0%
Tonga
0%
Trinidad and Tobago
0%
Tunisia
0%
Turkey
0%
Uganda
0%
United Arab Emirates
0%
Uruguay
0%
Vietnam
0%
No matching quizzes found
Score Distribution
Percent of People with Each Score
Percentile by Number Answered
Your Score History
You have not taken this quiz